00273nam a2200097Ia 4500008004100000245005000041245001400091260000900105650001000114856005100124171211s9999 xx 000 0 und d aFinal Fantasy Origins Official Strategy Guide cCasey Loe c2003 xGAMES uhttp://down.ebook777.com/058/9780744002539.pdf